| 000 | 00775nam a2200205Ia 4500 | ||
|---|---|---|---|
| 003 | CO-CtgCURN | ||
| 005 | 20250405151649.0 | ||
| 008 | 190722s9999 xx 000 0 und d | ||
| 020 | _a9583504408 | ||
| 040 |
_aCO-CtgCURN _bspa _ccoctgcurn |
||
| 082 |
_a342.088 _bR434r |
||
| 245 | 0 |
_aResponsabilidad civil y patrimonial del estado derivada de la administracion y prestacion de servicios de la salud / _ced., Maria Patricia Castano |
|
| 260 |
_aBogotá, Colombia : _bEditorial Temis, _c2003 |
||
| 300 |
_a212 páginas ; _c23 centímetros |
||
| 521 | _aAREA PROFESIONAL | ||
| 590 | _aPrograma de Derecho_18 | ||
| 650 | _aResponsabilidad civil | ||
| 942 |
_cBK _h342.088 _iR434r _2ddc _n0 |
||
| 999 |
_c28444 _d28444 |
||